Shining Force companions - Statistics

General Stats
  • This quiz has been taken 51 times
  • The average score is 19 of 30
Answer Stats
Class (before and after promotion) Answer % Correct
Warrior -> Gladiator Luke
85%
Mage -> Wizard Tao
85%
Dragon -> Great Dragon Bleu
77%
Warrior -> Gladiator Gort
77%
Mascot Jogurt
77%
Knight -> Paladin Ken
77%
Knight -> Paladin Mae
77%
Swordsman -> Hero Max
77%
Robot -> Cyborg Adam
69%
Mage -> Wizard Anri
69%
Knight -> Paladin Arthur
69%
Monk -> Master Monk Gong
69%
Werewolf -> Wolf Baron Zylo
69%
Birdmen -> Sky Warrior Amon
62%
Birdmen -> Sky Warrior Balbaroy
62%
Archer -> Sniper Diane
62%
Magical Creature Domingo
62%
Knight -> Paladin Earnest
62%
Steam Knight -> Steam Baron Guntz
62%
Archer -> Bow Master Hans
62%
Ninja Hanzou
62%
Priest -> Vicar Khris
62%
Priest -> Vicar Lowe
62%
Assault Knight -> Strike Knight Lyle
62%
Wing Knight -> Sky Lord Kokichi
54%
Samurai Musashi
54%
Knight -> Paladin Pelle
54%
Knight -> Paladin Vankar
46%
Mage -> Wizard Alef
38%
Priest -> Vicar Torasu
38%
No matching quizzes found
Score Distribution
Percent of People with Each Score
Percentile by Number Answered
Your Score History
You have not taken this quiz